Building Expert Systems

Guardado en:
Detalles Bibliográficos
Formato: Libro
Lenguaje:inglés
Publicado: Reading Addison-Wesley Publ. Co. 1983
Materias:
Etiquetas: Agregar Etiqueta
Sin Etiquetas, Sea el primero en etiquetar este registro!

MARC

LEADER 00000nam a2200000 4500
001 c009961
005 20230118081247.7
020 |a 0-201-10686-8 
041 0 |a eng 
044 |a US 
245 1 0 |a Building Expert Systems 
264 1 |a Reading  |b Addison-Wesley Publ. Co.  |c 1983 
300 |a 444 s. 
610 2 0 |a systémy expertné 
610 2 0 |a výstavba systémov informačných 
610 2 0 |a veda systémová 
610 2 0 |a jazyky programovacie